01614cam a2200205Ia 4500020001500000020001800015040000800033082002600041100002500067245009400092260007500186300005000261490003500311500004700346520090100393650001401294650001201308650002801320710006001348 a9251055661 a9789251055663 cFQG a639 FOO 2006 A045 Or.1 aSalagrama, Venkatesh10aTrends in poverty and livelihoods in coastal fishing communities of Orissa State, India / aRome :bFood and Agriculture Organization of the United Nations,c2006 axvi, 111 p. :bill. (some col.), map ;c30 cm1 aFAO fisheries technical paper, a"TC/M/A0692E/1/9.09/1600"--P. [4] of cover aThis study analyses the livelihoods of marine fishing communities in the Indian coastal state of Orissa using the sustainable livelihoods approach. It investigates the relationships between livelihoods and coastal poverty and seeks to develop simple qualitative indicators to monitor the changes in these relationships over time. The key trends affecting the livelihoods of the poor in the coastal fishing communities in Orissa range across the whole spectrum of "assets" - i.e. the natural, physical, social, human and financial - and contribute to changes in terms of availability as well as access to the assets for the poorer stakeholders. This paper also examines the impact of seasonality and shocks upon the fisheries-based livelihoods and the importance and influence of various policies, institutions and processes in addressing the fishers' need to cope with their vulnerability context 0aFisheries 0aPoverty 0aCoastal zone management2 aFood and Agriculture Organization of the United Nations